Statistics for Counties of Greece

Click here to take the quiz!

General Stats

  • This quiz has been taken 334 times
  • The average score is 25 of 52

Answer Stats

Hint% Correct
THESSALONIKI
80%
ATTIKI
70%
IOANNINA
70%
CHANIA
65%
SERRES
65%
FTHIOTIDA
63%
LARISSA
63%
EVROS
62%
KAVALA
61%
ARTA
60%
MAGNISIA
60%
XANTHI
60%
MESSINIA
57%
PREVEZA
57%
LAKONIA
56%
TRIKALA
55%
DRAMA
52%
KASTORIA
52%
RODOPI
52%
ARKADIA
51%
KOZANI
51%
KARDITSA
50%
PIERIA
49%
ARGOLIDA
48%
FLORINA
48%
FOKIDA
48%
ILIA
48%
CHALKIDIKI
47%
IMATHIA
47%
PELLA
47%
RETHIMNO
47%
LASITHI
46%
ETOLOAKARNANIA
45%
EVIA
45%
GREVENA
45%
KILKIS
45%
THESPROTIA
45%
KERKYRA
43%
VIOTIA
43%
DODEKANISA
40%
KORINTHIA
40%
SAMOS
39%
ZAKYNTHOS
39%
EVRITANIA
38%
AXAIA
37%
CHIOS
37%
CYCLADES
37%
LESVOS
37%
LEFKADA
36%
IRAKLEIO
35%
KEFALLINIA
19%
PEIRAIAS
14%

Score Distribution

Percentile by Number Answered

Percent of People with Each Score

Your Score History

You have not taken this quiz